| 000 | 00953cam a2200253 a 4500 | ||
|---|---|---|---|
| 999 |
_c126789 _d126789 |
||
| 001 | 4734035 | ||
| 003 | ARRUPE | ||
| 005 | 20170825095053.0 | ||
| 008 | 841227t19851970pau 000 0 eng | ||
| 010 | _a 84028102 | ||
| 020 | _a081221210X (pbk.) | ||
| 040 |
_aDLC _cDLC _dDLC |
||
| 050 | 0 | 0 |
_aPN3503 _b.C48 1985 |
| 082 | 0 | 0 |
_a809.3/9358 _219 |
| 100 | 1 |
_aChiaromonte, Nicola. _935270 |
|
| 245 | 1 | 4 |
_aThe paradox of history : _bStendhal, Tolstoy, Pasternak, and others / _cNicola Chiaromonte ; foreword by Joseph Frank ; postface by Mary McCarthy. |
| 260 |
_aPhiladelphia : _bUniversity of Pennsylvania Press, _c1985, |
||
| 300 |
_axxi, 156 p. ; _c22 cm. |
||
| 650 | 0 |
_aFiction _y20th century _xHistory and criticism. _xAddresses, essays, lectures. _935271 |
|
| 650 | 0 |
_aFiction _y19th century _xHistory and criticism. _xAddresses, essays, lectures. _935272 |
|
| 650 | 0 |
_aHistory in literature. _xAddresses, essays, lectures. _935273 |
|
| 906 |
_a7 _bcbc _corignew _d1 _eocip _f19 _gy-gencatlg |
||
| 942 |
_2lcc _cMONOGRAPH |
||